000 00292nam a22001217a 4500
005 20250730110751.0
008 250730b |||||||| |||| 00| 0 eng d
020 _a9780521561853
_qhbk
082 _a509.22
_bMIL
100 _aDavid
245 _aDictionary Of Scientists
_cDavid
942 _cREF
999 _c577987
_d577987